书目信息 |
| 题名: |
果树栽培学
|
|
| 作者: | ;河北农业大学总校 编 | |
| 分册: | ||
| 出版信息: | 北京 人民教育出版社 1977 |
|
| 页数: | 328页 | |
| 开本: | 26cm | |
| 丛书名: | ||
| 单 册: | ||
| 中图分类: | S66 | |
| 科图分类: | ||
| 主题词: | 果树--栽培 , 果树园艺 | |
| 电子资源: | ||
| ISBN: | ||
| 000 | 00621nam0 2200241 45 980 | |
| 001 | 0661642601 | |
| 005 | 20060815170820.16 | |
| 010 | @dCNY2.35 | |
| 091 | @a16012.07 | |
| 100 | @a19980527d1977 em y0chiy0121 ea | |
| 101 | 0 | @achi |
| 102 | @aCN@b110000 | |
| 105 | @ay z 000yy | |
| 106 | @ar | |
| 200 | 10 | @a果树栽培学@Aguo shu zai pei xue@f河北农业大学总校编 |
| 210 | @a北京@c人民教育出版社@d1977 | |
| 215 | @a328页@d26cm | |
| 606 | @a果树@x栽培 | |
| 606 | 0 | @a果树园艺 |
| 690 | @aS66@v3 | |
| 711 | 02 | @a河北农业大学总校@Ahe bei nong ye da xue zong xiao@4编 |
| 801 | 0 | @c20060815 |
| 905 | @a10447@dS66@e124 | |
| 果树栽培学/河北农业大学总校编 .-北京:人民教育出版社,1977 |
| 328页;26cm |
| ISBN :CNY2.35 |
| ● |
| 相关链接 |
|
|
|
|
正题名:果树栽培学
索取号:S66/124
 
预约/预借
| 序号 | 登录号 | 条形码 | 馆藏地/架位号 | 状态 | 备注 |
| 1 | 0458619 | 204586199 | 密集书库/ [索取号:S66/124] | 在馆 |